Ricostruisci la Carriera del Calciatore - Marco Storari - Statistics

Statistiche generali
  • Questo quiz è stato fatto 6 volte
  • Il punteggio medio è 6 su 15
Statistiche sulle risposte
Hint Risposta % Corretto
2010-2015 Juventus
80%
2010 Sampdoria
80%
2003-2007 Messina
60%
2015-2017 Cagliari
40%
2008-2009 Fiorentina
40%
1994-1995 Ladispoli
40%
2007-2008 Levante
40%
2002-2003 Napoli
40%
1998-2002 Ancona
20%
2008 Cagliari
20%
2007 Milan
20%
2009-2010 Milan
20%
2017-2018 Milan
20%
1998 Montevarchi
20%
1995-1998 Perugia
20%
Nessun quiz corrispondente trovato
Distribuzione punteggi
Percentuale di utenti per punteggio
Percentile per numero di risposta
I tuoi punteggi nel tempo
Non hai fatto questo quiz